LIBRARY & INFORMATION CENTRE, KCAET, TAVANUR

ONLINE PUBLIC ACCESS CATALOGUE (OPAC)

Study on drying processes for the production and evaluation of Moringa Leaf powder and optimization of drying method (Record no. 16315)

MARC details
000 -LEADER
fixed length control field 00670nam a22001937a 4500
003 - CONTROL NUMBER IDENTIFIER
control field OSt
082 ## - DEWEY DECIMAL CLASSIFICATION NUMBER
Classification number 664
Item number ASH/ST
100 ## - MAIN ENTRY--AUTHOR NAME
Personal name Ashwathi, K. C
100 ## - MAIN ENTRY--AUTHOR NAME
Personal name Athul Vijayan
100 ## - MAIN ENTRY--AUTHOR NAME
Personal name Fathima Rinshana, P
100 ## - MAIN ENTRY--AUTHOR NAME
Personal name Gopika, P. N
100 ## - MAIN ENTRY--AUTHOR NAME
Personal name Suhana, K
245 ## - TITLE STATEMENT
Title Study on drying processes for the production and evaluation of Moringa Leaf powder and optimization of drying method
260 ## - PUBLICATION, DISTRIBUTION, ETC. (IMPRINT)
Place of publication Tavanur
Name of publisher Department of Processing and Food Engineering
Year of publication 2020
700 ## - ADDED ENTRY--PERSONAL NAME
Personal name Prince, M. V
700 ## - ADDED ENTRY--PERSONAL NAME
Personal name Sariga, S
856 ## - ELECTRONIC LOCATION AND ACCESS
Uniform Resource Identifier https://drive.google.com/file/d/1C5uLFS1LmHJgF-zmyNLDP0KOiGLS65lP/view?usp=sharing
942 ## - ADDED ENTRY ELEMENTS (KOHA)
Koha item type Project Report
Holdings
Collection code Home library Current library Shelving location Full call number Accession Number Koha item type
Fiction KAUAET KAUAET Reference 664 ASH/ST P 476 Project Report
free website counter